006300000a22002050004500090001700000245010700017651002000124690002000144690002500164690003000189041001400219041001300233044001300246700003200259700003000291100003300321942001300354773004000367999001700407 aASbSERIADAS10aEscarabajos coprófagos (Coleoptera: Scarabaeidae) de la provincia de la Sierra Nevada de Santa Marta 4pColombia992749 aInsectos992622 aBioindicadores94131 aListas de insectos9966390 aEspañol0 aInglés aColombia1 aEscobar S., Federico9980401 aRealpe R., Emilio91004121 aNoriega A., Jorge Ari999622 cARTICULO1 tBiota Colombianah1q77-86d2007g8 c16233d16233